[Event "6.Città di  Padova Open A"]
[Site "Padova Fornace Carotta"]
[Date "2003.12.14"]
[Round "2.4"]
[White "Rossi, Damiano"]
[Black "Laketic, Gojko"]
[Result "0-1"]
[WhiteElo "2027"]
[BlackElo "2399"]
[Annotator "Gabriele Ballarin"]
[PlyCount "58"]
[EventDate "2003.12.13"]
[EventType "swiss"]
[EventRounds "9"]
[EventCountry "ITA"]

1. d4 d5 2. c4 c6 3. Nc3 Nf6 4. Bf4 dxc4 5. Bg3 Nd5 6. Bxb8 Rxb8 7. e3 Qa5 8. Qc1 Nb4 9. Nf3 Bf5 10. e4 Bxe4 11. Qf4 Nc2+ 12. Kd1 Rd8 13. Bxc4 Bg6 14. Bxf7+ Bxf7 15. Kxc2 Bg6+ 16. Kc1 Qf5 17. Qxf5 Bxf5 18. h3 g6 19. g4 Bh6+ 20. Kd1 Bd3 21. g5 Bg7 22. Kd2 O-O 23. Ke3 Bc2 24. Ne2 e5 25. Rac1 exd4+ 26. Nfxd4 Rfe8+ 27. Kf4 Bd3 28. Rhe1 Bxd4 29. Nxd4 Rxd4+ 0-1

[Event "6.Città di  Padova Open A"]
[Site "Padova Fornace Carotta"]
[Date "2003.12.14"]
[Round "2.5"]
[White "Manca, Federico"]
[Black "Rigo, Gianfrancesco"]
[Result "1-0"]
[WhiteElo "2363"]
[BlackElo "2059"]
[Annotator "Gabriele Ballarin"]
[PlyCount "49"]
[EventDate "2003.12.13"]
[EventType "swiss"]
[EventRounds "9"]
[EventCountry "ITA"]

1. e4 e5 2. Nf3 Nc6 3. d4 exd4 4. Nxd4 Nf6 5. Nxc6 bxc6 6. e5 Qe7 7. Qe2 Nd5 8. c4 Ba6 9. g3 Rb8 10. b3 f6 11. e6 dxe6 12. Bh3 f5 13. O-O Nf6 14. Ba3 c5 15. Nc3 Kf7 16. Rfe1 Re8 17. Bg2 Nd7 18. Rad1 Nb8 19. Nd5 exd5 20. Qh5+ g6 21. Bxd5+ Kf6 22. Bb2+ Qe5 23. Rxe5 Rxe5 24. Qh4+ g5 25. Qh5 1-0

[Event "6.Città di  Padova Open A"]
[Site "Padova Fornace Carotta"]
[Date "2003.12.14"]
[Round "2.6"]
[White "Smirnov, Vladimir"]
[Black "Navarro, Emanuele"]
[Result "0-1"]
[WhiteElo "1300"]
[BlackElo "2178"]
[Annotator "Gabriele Ballarin"]
[PlyCount "30"]
[EventDate "2003.12.13"]
[EventType "swiss"]
[EventRounds "9"]
[EventCountry "ITA"]

1. e4 d6 2. c3 Nf6 3. d3 g6 4. Nf3 Bg7 5. g3 Bg4 6. Bg2 c5 7. Bg5 Nbd7 8. Nbd2 b5 9. e5 Nxe5 10. O-O O-O 11. Re1 Nxd3 12. Re2 Rb8 13. Qc2 Bf5 14. Nh4 Nf4 15. Bxf4 Bxc2 0-1

[Event "6.Città di  Padova Open A"]
[Site "Padova Fornace Carotta"]
[Date "2003.12.14"]
[Round "2.7"]
[White "Sartori, Spartaco"]
[Black "Antoniacci, Riccardo"]
[Result "1-0"]
[WhiteElo "2177"]
[BlackElo "2041"]
[Annotator "Gabriele Ballarin"]
[PlyCount "75"]
[EventDate "2003.12.13"]
[EventType "swiss"]
[EventRounds "9"]
[EventCountry "ITA"]

1. c4 e5 2. Nc3 d6 3. Nf3 f5 4. d4 e4 5. Bg5 Nf6 6. Nd2 Be7 7. e3 h6 8. Bxf6 Bxf6 9. Qh5+ Kf8 10. g4 fxg4 11. Be2 Qe8 12. Bxg4 Qxh5 13. Bxh5 Nc6 14. Ndxe4 Bh4 15. Nd5 Bh3 16. Nf4 Bf5 17. Ng3 Bxg3 18. hxg3 Nb4 19. Bg6 Bg4 20. Rh4 Bf3 21. a3 Na6 22. Bh5 Bxh5 23. Rxh5 Ke8 24. Ke2 Kd7 25. Rah1 Rhf8 26. g4 Rae8 27. Rf5 c6 28. Rg1 g5 29. Rxf8 Rxf8 30. Nh5 c5 31. d5 b5 32. b3 bxc4 33. bxc4 Rb8 34. Nf6+ Ke7 35. Ne4 Kd7 36. Rh1 Rh8 37. Nxg5 Rg8 38. Ne4 1-0

[Event "6.Città di  Padova Open A"]
[Site "Padova Fornace Carotta"]
[Date "2003.12.14"]
[Round "2.8"]
[White "Kircanski, Piergiorgio"]
[Black "Contini, Davide"]
[Result "0-1"]
[WhiteElo "1500"]
[BlackElo "1860"]
[Annotator "Gabriele Ballarin"]
[PlyCount "58"]
[EventDate "2003.12.13"]
[EventType "swiss"]
[EventRounds "9"]
[EventCountry "ITA"]

1. e4 c5 2. Nf3 d6 3. d4 cxd4 4. Nxd4 Nf6 5. Nc3 a6 6. Be2 e6 7. O-O Be7 8. Be3 Qc7 9. a3 O-O 10. f4 Nbd7 11. f5 Ne5 12. Nf3 Neg4 13. Bd4 e5 14. Bf2 Nxf2 15. Rxf2 Ng4 16. Rf1 Qc5+ 17. Kh1 Nf2+ 18. Rxf2 Qxf2 19. Nd5 Bd8 20. Qd2 Qc5 21. Rd1 f6 22. b4 Qc6 23. c4 Bd7 24. b5 axb5 25. cxb5 Qc5 26. Rc1 Qxa3 27. h3 Be8 28. b6 Bf7 29. Rc3 Qa5 0-1

[Event "6.Città di  Padova Open A"]
[Site "Padova Fornace Carotta"]
[Date "2003.12.14"]
[Round "2.9"]
[White "Canazza, Alessandro"]
[Black "Naumkin, Igor"]
[Result "0-1"]
[WhiteElo "1594"]
[BlackElo "2401"]
[Annotator "Gabriele Ballarin"]
[PlyCount "100"]
[EventDate "2003.12.13"]
[EventType "swiss"]
[EventRounds "9"]
[EventCountry "ITA"]

1. d4 e6 2. c4 f5 3. g3 Nf6 4. Bg2 Bb4+ 5. Bd2 Bxd2+ 6. Nxd2 O-O 7. Ngf3 d6 8. O-O Nc6 9. Rb1 a5 10. a3 a4 11. Re1 e5 12. d5 Ne7 13. b4 axb3 14. Qxb3 Nd7 15. Ra1 Nc5 16. Qb2 Ng6 17. Nb3 Na4 18. Qc2 b6 19. Nfd2 Bd7 20. Nb1 e4 21. Nc3 Nxc3 22. Qxc3 Ne5 23. Kh1 Qe8 24. a4 Qh5 25. f4 exf3 26. Bxf3 Qg5 27. a5 bxa5 28. Rxa5 Rxa5 29. Nxa5 f4 30. Rg1 fxg3 31. Rxg3 Qh4 32. c5 Rf6 33. cxd6 cxd6 34. Nc6 Rh6 35. Rg2 Bh3 36. Nxe5 Bxg2+ 37. Kxg2 Qxh2+ 38. Kf1 Qxe5 39. Qc8+ Kf7 40. Qc7+ Kf6 41. Ke1 Rg6 42. Qd7 Qc3+ 43. Kf2 Qd4+ 44. e3 Qb2+ 45. Be2 Qe5 46. Qd8+ Qe7 47. Qb6 Rg5 48. Qa5 Kf7 49. Qa3 g6 50. Ke1 Re5 0-1

[Event "6.Città di  Padova Open A"]
[Site "Padova Fornace Carotta"]
[Date "2003.12.14"]
[Round "2.10"]
[White "Roberti, Ignazio"]
[Black "Cipolotti, Piersilvio"]
[Result "1/2-1/2"]
[WhiteElo "1990"]
[BlackElo "1591"]
[Annotator "Gabriele Ballarin"]
[PlyCount "100"]
[EventDate "2003.12.13"]
[EventType "swiss"]
[EventRounds "9"]
[EventCountry "ITA"]

1. e4 Nc6 2. Nf3 d6 3. b3 Nf6 4. Nc3 e5 5. Bb2 Bg4 6. Be2 Be7 7. O-O O-O 8. d3 Qc8 9. a3 Nd8 10. d4 Bxf3 11. Bxf3 exd4 12. Qxd4 Nc6 13. Qd2 Ne5 14. Be2 a6 15. f4 Ng6 16. Rae1 Qd7 17. Bd1 Rae8 18. Nd5 Nxd5 19. Qxd5 Qb5 20. Qd2 Rd8 21. c4 Qd7 22. Bh5 Rfe8 23. Rd1 Qc8 24. Kh1 Bf8 25. Qd5 Nh8 26. f5 c6 27. Qd3 Qc7 28. g4 Be7 29. g5 Bxg5 30. Rg1 Bh6 31. Qg3 g6 32. Bf6 Rd7 33. Qc3 Re5 34. Bxe5 dxe5 35. Rxd7 Qxd7 36. Qxe5 Bg7 37. f6 Bf8 38. Bg4 Qd3 39. Rd1 Qxb3 40. Rd8 Qxa3 41. c5 Qc1+ 42. Bd1 Qh6 43. Rd7 Qh3 44. Qd4 Qf1+ 45. Qg1 Qxf6 46. Rxb7 Kg7 47. Ra7 Qe5 48. Rxa6 Qxe4+ 49. Qg2 Qe1+ 50. Qg1 Qh4 1/2-1/2

[Event "6.Città di  Padova Open A"]
[Site "Padova Fornace Carotta"]
[Date "2003.12.14"]
[Round "2.11"]
[White "Giordan, Daniele"]
[Black "Quaranta, Cristiano"]
[Result "0-1"]
[WhiteElo "1569"]
[BlackElo "1942"]
[Annotator "Gabriele Ballarin"]
[PlyCount "122"]
[EventDate "2003.12.13"]
[EventType "swiss"]
[EventRounds "9"]
[EventCountry "ITA"]

1. e4 c5 2. Nc3 Nc6 3. g3 g6 4. Bg2 Bg7 5. Nge2 e6 6. d3 Nge7 7. Rb1 O-O 8. O-O a6 9. Be3 d6 10. Qd2 Nd4 11. Nd1 Nec6 12. c3 Nxe2+ 13. Qxe2 Qa5 14. a3 Bd7 15. Bd2 Rac8 16. Ne3 b5 17. Ng4 e5 18. Ra1 Qc7 19. Ne3 Ne7 20. h4 Be6 21. c4 Nc6 22. Nd5 Nd4 23. Qd1 Qb7 24. Bc3 Rfe8 25. Bxd4 cxd4 26. Qe2 h5 27. Rfc1 Bxd5 28. cxd5 Bh6 29. Rd1 Rc5 30. g4 hxg4 31. Qxg4 Qc8 32. Qf3 Kg7 33. Bh3 Qd8 34. Qg4 Rc2 35. b4 Qf6 36. Rf1 Rec8 37. a4 R8c3 38. axb5 axb5 39. h5 Rxd3 40. hxg6 Qxg6 41. Qxg6+ Kxg6 42. Bd7 Rb3 43. Rab1 Rbb2 44. Bxb5 Rxf2 45. Rxb2 Rxb2 46. Be8 Be3+ 47. Kh1 Bf4 48. b5 Kg5 49. Bd7 Kh4 50. Rf3 Re2 51. Bf5 Rb2 52. Bd7 Kg5 53. Kg1 Kf6 54. Kf1 Ke7 55. Bc6 Kd8 56. Ke1 Kc7 57. Rd3 Kb6 58. Rh3 Kc5 59. Kd1 Kc4 60. Rf3 d3 61. Ke1 Rb1+ 0-1

[Event "6.Città di  Padova Open A"]
[Site "Padova Fornace Carotta"]
[Date "2003.12.14"]
[Round "2.12"]
[White "Cardili, Mariano"]
[Black "Bonetto, Giorgio"]
[Result "1-0"]
[WhiteElo "1900"]
[BlackElo "1540"]
[Annotator "Gabriele Ballarin"]
[PlyCount "57"]
[EventDate "2003.12.13"]
[EventType "swiss"]
[EventRounds "9"]
[EventCountry "ITA"]

1. d4 e6 2. c4 d5 3. Nc3 c6 4. e3 Nf6 5. Nf3 Nbd7 6. Bd3 dxc4 7. Bxc4 b5 8. Bd3 a6 9. O-O Bd6 10. e4 e5 11. Bg5 O-O 12. dxe5 Nxe5 13. Nxe5 Bxe5 14. f4 Bg4 15. Qc2 Bd4+ 16. Kh1 h6 17. Bh4 Qd7 18. Be2 Rfe8 19. Bxf6 Bxf6 20. Rad1 Qc8 21. Bxg4 Qxg4 22. e5 Bd8 23. Ne4 Be7 24. Rd3 Red8 25. Rg3 Qc8 26. Nf6+ Bxf6 27. exf6 g6 28. Rxg6+ Kf8 29. Qc5+ 1-0

[Event "6.Città di  Padova Open A"]
[Site "Padova Fornace Carotta"]
[Date "2003.12.14"]
[Round "2.13"]
[White "Rizzo, Giuseppe"]
[Black "Belloni, Umberto"]
[Result "0-1"]
[WhiteElo "1503"]
[BlackElo "1623"]
[Annotator "Gabriele Ballarin"]
[PlyCount "96"]
[EventDate "2003.12.13"]
[EventType "swiss"]
[EventRounds "9"]
[EventCountry "ITA"]

1. e4 e6 2. d4 d5 3. Nc3 dxe4 4. Nxe4 Nf6 5. Bg5 Be7 6. Bxf6 Bxf6 7. Nf3 Nc6 8. c3 O-O 9. Bd3 e5 10. d5 Nb8 11. Bc2 g6 12. Qe2 Re8 13. O-O-O Bf5 14. h3 Bxe4 15. Qxe4 Qd6 16. g4 Nd7 17. g5 Nc5 18. Qg4 Bg7 19. h4 Nd7 20. h5 b5 21. hxg6 hxg6 22. Bb3 Nc5 23. Bc2 a5 24. Nd2 a4 25. Ne4 Nxe4 26. Bxe4 b4 27. c4 Ra5 28. Kb1 Rd8 29. Rc1 Qb6 30. Qe2 Qd6 31. Rh3 Qe7 32. Qe3 Qc5 33. Qf3 Qe7 34. Qg3 Qd6 35. f3 Qc5 36. Qe1 a3 37. b3 Qd4 38. Rh2 Qc5 39. Rd1 Ra6 40. Qe2 Rad6 41. Qc2 c6 42. Rhh1 cxd5 43. Bxd5 Qe3 44. Rhg1 Kf8 45. Be4 Rd2 46. Qc1 Rb2+ 47. Ka1 Qxc1+ 48. Rxc1 Rdd2 0-1

[Event "6.Città di  Padova Open A"]
[Site "Padova Fornace Carotta"]
[Date "2003.12.14"]
[Round "2.15"]
[White "Maniero, Riccardo"]
[Black "Fragni, Enrico"]
[Result "1-0"]
[WhiteElo "1660"]
[BlackElo "1447"]
[Annotator "Gabriele Ballarin"]
[PlyCount "137"]
[EventDate "2003.12.13"]
[EventType "swiss"]
[EventRounds "9"]
[EventCountry "ITA"]

1. e4 c6 2. d4 d6 3. Nf3 Bg4 4. Be2 Qc7 5. Nc3 e5 6. O-O Be7 7. Be3 Nd7 8. Qd2 Bxf3 9. Bxf3 Ngf6 10. Rad1 O-O 11. Ne2 g6 12. Ng3 Rfe8 13. Be2 b5 14. f4 Bf8 15. Bd3 Ng4 16. c3 a6 17. f5 Nxe3 18. Qxe3 Bg7 19. Rf2 Qa7 20. Bc2 exd4 21. cxd4 c5 22. Ne2 Rac8 23. Kh1 Nf6 24. Qf4 Qe7 25. dxc5 dxc5 26. Ng3 Rcd8 27. Rxd8 Rxd8 28. e5 Nd5 29. f6 Nxf4 30. fxe7 Re8 31. Rxf4 Rxe7 32. Re4 Bxe5 33. b3 f6 34. Re2 Rd7 35. Ne4 Rd5 36. Nd2 Kf7 37. Nf3 Bc3 38. g3 Ba5 39. Be4 Rd6 40. Kg2 Bb6 41. Rd2 Ke6 42. Rxd6+ Kxd6 43. Nd2 Ba5 44. Nf3 Bc3 45. Kf2 a5 46. Bd3 Kc6 47. Ke3 Kb6 48. Nd2 Bd4+ 49. Ke4 Bg1 50. Nf3 Bf2 51. Kd5 Be3 52. Ke6 f5 53. Kf6 a4 54. Kg7 axb3 55. axb3 Ka5 56. Kxh7 g5 57. Bxf5 c4 58. bxc4 bxc4 59. Kg6 Kb5 60. Nxg5 Kc6 61. Nf3 Kd6 62. Kf7 c3 63. h4 Kd5 64. g4 Kc4 65. g5 Kb3 66. h5 c2 67. Bxc2+ Kxc2 68. g6 Bh6 69. g7 1-0

[Event "6.Città di  Padova Open A"]
[Site "Padova Fornace Carotta"]
[Date "2003.12.15"]
[Round "3.1"]
[White "Efimov, Igor"]
[Black "Manca, Federico"]
[Result "0-1"]
[WhiteElo "2497"]
[BlackElo "2363"]
[Annotator "Gabriele Ballarin"]
[PlyCount "118"]
[EventDate "2003.12.13"]
[EventType "swiss"]
[EventRounds "9"]
[EventCountry "ITA"]

1. d4 d5 2. Nf3 e6 3. g3 c5 4. c4 Nf6 5. cxd5 exd5 6. Bg2 Be7 7. O-O O-O 8. Nc3 Nc6 9. Bf4 Bg4 10. dxc5 Bxc5 11. Rc1 d4 12. Nb5 Qb6 13. a4 Nd5 14. Rxc5 Nxf4 15. Rg5 Nh3+ 16. Bxh3 Bxh3 17. Re1 h6 18. Rh5 Bg4 19. Rh4 Bxf3 20. exf3 Rad8 21. Qd2 a6 22. Na3 Rfe8 23. Rhe4 Rxe4 24. Rxe4 Qb3 25. Kg2 Qxa4 26. Rg4 Ne5 27. Re4 Nc6 28. Rg4 Kh8 29. Nc2 Qb3 30. Ne1 Qd5 31. Nd3 Ne5 32. Nxe5 Qxe5 33. Re4 Qd5 34. Qd3 a5 35. g4 b5 36. h4 a4 37. h5 b4 38. Qa6 a3 39. bxa3 d3 40. Re1 d2 41. Rd1 Qb3 42. Rxd2 Rxd2 43. Qa8+ Kh7 44. Qe4+ f5 45. Qxf5+ Kh8 46. Qf8+ Qg8 47. Qxb4 Qd8 48. Qe4 Qd3 49. Qe8+ Kh7 50. a4 Ra2 51. Qc6 Qc2 52. Qb6 Rxa4 53. Qe3 Ra1 54. Qd4 Qb1 55. Kg3 Qg1+ 56. Kf4 Qh2+ 57. Kf5 Ra5+ 58. Ke6 Qc7 59. f4 Ra6+ 0-1

[Event "6.Città di  Padova Open A"]
[Site "Padova Fornace Carotta"]
[Date "2003.12.15"]
[Round "3.2"]
[White "Navarro, Emanuele"]
[Black "Dervishi, Erald"]
[Result "0-1"]
[WhiteElo "2178"]
[BlackElo "2495"]
[Annotator "Gabriele Ballarin"]
[PlyCount "106"]
[EventDate "2003.12.13"]
[EventType "swiss"]
[EventRounds "9"]
[EventCountry "ITA"]

1. e4 e5 2. Nf3 Nc6 3. d4 exd4 4. Bc4 Nf6 5. O-O Nxe4 6. Re1 d5 7. Bxd5 Qxd5 8. Nc3 Qa5 9. Nxe4 Be6 10. Bd2 Qh5 11. Bg5 h6 12. Bf6 Be7 13. Bxe7 Kxe7 14. Nxd4 Qxd1 15. Nxc6+ bxc6 16. Raxd1 Rhd8 17. Nc5 Rd5 18. Nxe6 fxe6 19. c4 Rd6 20. Kf1 Rb8 21. b3 a5 22. Ke2 a4 23. Rb1 e5 24. Red1 Ke6 25. b4 Rxd1 26. Kxd1 e4 27. Ke2 Ke5 28. Ke3 Rd8 29. f4+ Kf5 30. g4+ Kxg4 31. Kxe4 Re8+ 32. Kd4 g5 33. fxg5 hxg5 34. Rb2 Kh3 35. Rf2 g4 36. Kc5 Re6 37. Rf7 Kxh2 38. Rxc7 g3 39. Rh7+ Kg1 40. b5 cxb5 41. Kxb5 g2 42. Rg7 a3 43. Kb4 Re4 44. Kxa3 Rxc4 45. Kb3 Rf4 46. Rc7 Kf2 47. Rc2+ Kg3 48. Rc1 Kh2 49. Rc2 Kh1 50. Rxg2 Kxg2 51. a4 Kf2 52. a5 Ke2 53. a6 Rf6 0-1

[Event "6.Città di  Padova Open A"]
[Site "Padova Fornace Carotta"]
[Date "2003.12.15"]
[Round "3.3"]
[White "Lazic, Miroljub"]
[Black "Sartori, Spartaco"]
[Result "1-0"]
[WhiteElo "2479"]
[BlackElo "2177"]
[Annotator "Gabriele Ballarin"]
[PlyCount "113"]
[EventDate "2003.12.13"]
[EventType "swiss"]
[EventRounds "9"]
[EventCountry "ITA"]

1. g3 g6 2. Bg2 Bg7 3. d4 d5 4. Nf3 Nf6 5. O-O O-O 6. c4 c6 7. cxd5 cxd5 8. Nc3 Ne4 9. Nxe4 dxe4 10. Ne5 Qd5 11. Be3 Nd7 12. Qb3 Qxb3 13. axb3 Nxe5 14. dxe5 Bxe5 15. Bxe4 Bxb2 16. Rxa7 Rxa7 17. Bxa7 Rd8 18. Rb1 Bd4 19. Bxd4 Rxd4 20. Bd3 Be6 21. Kf1 Rb4 22. Bc2 Kg7 23. Ke1 Kf6 24. Kd2 Bf5 25. Ra1 Bxc2 26. Kxc2 h5 27. Kc3 Re4 28. e3 h4 29. Ra7 b6 30. Ra6 Re6 31. gxh4 Kf5 32. h3 Ke5 33. Ra4 Rf6 34. f4+ Kd5 35. Rd4+ Kc6 36. Re4 Kd6 37. Re5 Kd7 38. Kb4 Rd6 39. h5 gxh5 40. Rxh5 f6 41. Kc4 Rc6+ 42. Kd4 Rc1 43. Rd5+ Kc6 44. Ke4 Rh1 45. Rd3 e6 46. Rc3+ Kd6 47. b4 Rb1 48. Rc4 e5 49. Kf5 Kd5 50. Re4 exf4 51. Rd4+ Kc6 52. exf4 Rh1 53. Kxf6 Rxh3 54. f5 Rf3 55. Kg5 Kb5 56. f6 Rg3+ 57. Kf5 1-0

[Event "6.Città di  Padova Open A"]
[Site "Padova Fornace Carotta"]
[Date "2003.12.15"]
[Round "3.4"]
[White "Laketic, Gojko"]
[Black "Contini, Davide"]
[Result "1/2-1/2"]
[WhiteElo "2399"]
[BlackElo "1860"]
[Annotator "Gabriele Ballarin"]
[PlyCount "26"]
[EventDate "2003.12.13"]
[EventType "swiss"]
[EventRounds "9"]
[EventCountry "ITA"]

1. d4 Nf6 2. c4 g6 3. Nc3 Bg7 4. e4 d6 5. Nf3 O-O 6. Be2 e5 7. d5 Nh5 8. g3 a5 9. Be3 Na6 10. Nd2 Nf6 11. g4 Qd7 12. Rg1 Nc5 13. Qc2 Ne8 1/2-1/2

[Event "6.Città di  Padova Open A"]
[Site "Padova Fornace Carotta"]
[Date "2003.12.15"]
[Round "3.5"]
[White "Naumkin, Igor"]
[Black "Rossi, Damiano"]
[Result "1-0"]
[WhiteElo "2401"]
[BlackElo "2027"]
[Annotator "Gabriele Ballarin"]
[PlyCount "51"]
[EventDate "2003.12.13"]
[EventType "swiss"]
[EventRounds "9"]
[EventCountry "ITA"]

1. d4 d5 2. c4 c6 3. Nf3 Nf6 4. Nc3 e6 5. Bg5 Nbd7 6. cxd5 exd5 7. e3 Bd6 8. Bd3 O-O 9. Qc2 Qc7 10. O-O b6 11. Rac1 a6 12. e4 dxe4 13. Nxe4 Bb7 14. Bxf6 Nxf6 15. Nxf6+ gxf6 16. Bxh7+ Kg7 17. Be4 Rac8 18. g3 Rh8 19. Rfe1 c5 20. dxc5 Bxc5 21. Bxb7 Qxb7 22. Qf5 Rcd8 23. Rc4 Rh6 24. Rg4+ Rg6 25. Nh4 Rd5 26. Rxg6+ 1-0

[Event "6.Città di  Padova Open A"]
[Site "Padova Fornace Carotta"]
[Date "2003.12.15"]
[Round "3.6"]
[White "Navarro, Stefano"]
[Black "Cardili, Mariano"]
[Result "1/2-1/2"]
[WhiteElo "2128"]
[BlackElo "1900"]
[Annotator "Gabriele Ballarin"]
[PlyCount "21"]
[EventDate "2003.12.13"]
[EventType "swiss"]
[EventRounds "9"]
[EventCountry "ITA"]

1. e4 c6 2. d4 d5 3. exd5 cxd5 4. c4 Nf6 5. c5 b6 6. b4 a5 7. Bf4 Bd7 8. Nc3 axb4 9. Nb5 Na6 10. Rc1 bxc5 11. dxc5 1/2-1/2

[Event "6.Città di  Padova Open A"]
[Site "Padova Fornace Carotta"]
[Date "2003.12.15"]
[Round "3.7"]
[White "Quaranta, Cristiano"]
[Black "Opacic, Alexandar"]
[Result "1/2-1/2"]
[WhiteElo "1942"]
[BlackElo "2088"]
[Annotator "Gabriele Ballarin"]
[PlyCount "97"]
[EventDate "2003.12.13"]
[EventType "swiss"]
[EventRounds "9"]
[EventCountry "ITA"]

1. d4 d5 2. Bg5 c6 3. e3 Nd7 4. c4 Ngf6 5. Nc3 e6 6. Nf3 Be7 7. Bd3 h6 8. Bh4 O-O 9. O-O Re8 10. a3 a5 11. Rc1 dxc4 12. Bxc4 b5 13. Bd3 Bb7 14. Qc2 b4 15. axb4 axb4 16. Ne4 Nxe4 17. Bxe7 Qxe7 18. Bxe4 Nf6 19. Bxc6 Rec8 20. Ne5 Ra6 21. Qe2 Raxc6 22. Nxc6 Rxc6 23. Rxc6 Bxc6 24. Rc1 Bd5 25. Qd3 g6 26. f3 Kg7 27. Qb5 e5 28. e4 exd4 29. Qd3 Be6 30. Qxd4 b3 31. Kf2 Qd7 32. Ke3 Qb5 33. Qc5 Qb8 34. Qc7 Qe8 35. Qc6 Qe7 36. Qc5 Qxc5+ 37. Rxc5 Nd7 38. Rb5 g5 39. Kd4 Nf8 40. Rb7 Ng6 41. g3 Kf6 42. Rb5 h5 43. Ra5 h4 44. Rb5 h3 45. Ra5 Ne7 46. Ra6 Ng6 47. Ra5 Ne7 48. Ra6 Ng6 49. Ra5 1/2-1/2

[Event "6.Città di  Padova Open A"]
[Site "Padova Fornace Carotta"]
[Date "2003.12.15"]
[Round "3.8"]
[White "Rigo, Gianfrancesco"]
[Black "Cedriano, Filippo"]
[Result "1/2-1/2"]
[WhiteElo "2059"]
[BlackElo "1825"]
[Annotator "Gabriele Ballarin"]
[PlyCount "49"]
[EventDate "2003.12.13"]
[EventType "swiss"]
[EventRounds "9"]
[EventCountry "ITA"]

1. e4 c6 2. d4 d5 3. e5 Bf5 4. Nc3 e6 5. g4 Bg6 6. Nge2 c5 7. Be3 Nc6 8. h4 h6 9. f4 Qa5 10. Bg2 cxd4 11. Nxd4 Nxd4 12. Bxd4 Bc5 13. O-O Bxc2 14. Qd2 Bxd4+ 15. Qxd4 Ne7 16. Rf2 Bh7 17. f5 Bxf5 18. gxf5 Nxf5 19. Rxf5 exf5 20. Nxd5 O-O 21. Ne7+ Kh8 22. Nxf5 Rfe8 23. Qd6 Qb6+ 24. Qxb6 axb6 25. Nd6 {Nur} 1/2-1/2

[Event "6.Città di  Padova Open A"]
[Site "Padova Fornace Carotta"]
[Date "2003.12.15"]
[Round "3.9"]
[White "Antoniacci, Riccardo"]
[Black "Logallo, Claudio"]
[Result "1-0"]
[WhiteElo "2041"]
[BlackElo "2045"]
[Annotator "Gabriele Ballarin"]
[PlyCount "175"]
[EventDate "2003.12.13"]
[EventType "swiss"]
[EventRounds "9"]
[EventCountry "ITA"]

1. e4 c5 2. Nc3 e6 3. Nf3 d6 4. Bb5+ Bd7 5. a4 Nc6 6. O-O Nf6 7. Re1 e5 8. Bf1 Be7 9. d3 h6 10. Ne2 O-O 11. c3 Rc8 12. Ng3 Nh7 13. Be3 Bg5 14. Nxg5 Nxg5 15. Qh5 Qf6 16. h4 Nh7 17. Be2 Qg6 18. Nf5 Bxf5 19. exf5 Qxh5 20. Bxh5 Ne7 21. Bg4 Nf6 22. Bh3 Ned5 23. g4 Nxe3 24. Rxe3 Nd5 25. Rg3 f6 26. Re1 Kf7 27. a5 b6 28. Bg2 Nf4 29. Bb7 Rc7 30. a6 g5 31. fxg6+ Nxg6 32. Be4 Nf4 33. Kh2 d5 34. Bf5 Rg8 35. Rgg1 c4 36. d4 Re7 37. Kg3 Nh5+ 38. Kf3 e4+ 39. Ke3 Ng7 40. Kf4 Ne8 41. f3 exf3 42. Rxe7+ Kxe7 43. Re1+ Kd8 44. Be6 f2 45. Rf1 Rg7 46. Bxd5 Nd6 47. Be6 b5 48. Rxf2 Kc7 49. Re2 Re7 50. d5 Kb6 51. g5 fxg5+ 52. Ke5 Ne8 53. d6 Nxd6 54. Kxd6 Rg7 55. Rg2 Kxa6 56. h5 Ka5 57. Ke5 Rc7 58. Rd2 Ka4 59. Kd6 Rg7 60. Bg4 Rf7 61. Bd1+ Ka5 62. Bc2 Rf4 63. Ke5 Rh4 64. Bg6 Rf4 65. Be8 Rf1 66. Bc6 a6 67. Rd6 Ka4 68. Rxh6 Kb3 69. Bd7 Kxb2 70. Rxa6 Rh1 71. h6 Kxc3 72. Bxb5 Kb4 73. Bd7 c3 74. Bf5 g4 75. Kf4 Kb5 76. Bd3+ Kc5 77. Kxg4 Kd4 78. Bh7 Ke3 79. Rd6 Rg1+ 80. Kh5 Rh1+ 81. Kg5 Rg1+ 82. Kf6 Rf1+ 83. Ke7 Rh1 84. Bc2 Rh2 85. h7 Kf3 86. Rd3+ Ke2 87. Rxc3 Kd2 88. Rc8 1-0

[Event "6.Città di  Padova Open A"]
[Site "Padova Fornace Carotta"]
[Date "2003.12.15"]
[Round "3.10"]
[White "Maniero, Riccardo"]
[Black "Smirnov, Vladimir"]
[Result "1-0"]
[WhiteElo "1660"]
[BlackElo "1300"]
[Annotator "Gabriele Ballarin"]
[PlyCount "47"]
[EventDate "2003.12.13"]
[EventType "swiss"]
[EventRounds "9"]
[EventCountry "ITA"]

1. e4 e5 2. Nf3 Nc6 3. Nc3 Bc5 4. Nxe5 Nxe5 5. d4 Bxd4 6. Qxd4 d6 7. Be2 Nf6 8. Bg5 c5 9. Qd1 O-O 10. O-O Be6 11. f4 h6 12. Bxf6 Qxf6 13. fxe5 Qg6 14. exd6 Bh3 15. Rf2 Rfe8 16. Bh5 Qg5 17. Bxf7+ Kh8 18. Bxe8 Rxe8 19. Qf3 Bg4 20. Qg3 Rg8 21. h3 h5 22. hxg4 h4 23. Qh2 Qxg4 24. Rf4 1-0

[Event "6.Città di  Padova Open A"]
[Site "Padova Fornace Carotta"]
[Date "2003.12.15"]
[Round "3.11"]
[White "Belloni, Umberto"]
[Black "Roberti, Ignazio"]
[Result "0-1"]
[WhiteElo "1623"]
[BlackElo "1990"]
[Annotator "Gabriele Ballarin"]
[PlyCount "120"]
[EventDate "2003.12.13"]
[EventType "swiss"]
[EventRounds "9"]
[EventCountry "ITA"]

1. e4 c5 2. Nf3 Nc6 3. d3 d6 4. Be2 g6 5. O-O Bg7 6. c3 Nf6 7. Nbd2 O-O 8. Ne1 d5 9. Bf3 e6 10. g3 b6 11. exd5 exd5 12. Bg2 Bf5 13. Ndf3 Rc8 14. Nh4 Bg4 15. Bf3 Bh3 16. Bg2 Qd7 17. Bxh3 Qxh3 18. Qf3 Ne5 19. Qg2 Qd7 20. Nhf3 Nc6 21. Nc2 Qf5 22. Nfe1 d4 23. Qf3 Qh3 24. Qg2 Qd7 25. c4 Ne5 26. f4 Neg4 27. h3 Ne3 28. Nxe3 dxe3 29. Bxe3 Rfe8 30. Bf2 Re2 31. Rb1 Rce8 32. g4 Qc7 33. Qf3 Nd7 34. b3 Nb8 35. Ng2 Nc6 36. Rbe1 Nd4 37. Bxd4 Bxd4+ 38. Kh1 Qe7 39. Rxe2 Qxe2 40. Qxe2 Rxe2 41. Rb1 Rxa2 42. Kh2 Rd2 43. h4 Rxd3 44. Ne1 Rd2+ 45. Kh3 Rf2 46. Ng2 Rf3+ 47. Kh2 Kf8 48. g5 a6 49. b4 Rc3 50. bxc5 Bxc5 51. Ra1 a5 52. Ra4 Bb4 53. Ne1 Rxc4 54. Nd3 Rd4 55. Nxb4 Rxb4 56. Ra1 Rxf4 57. Kg3 Rb4 58. Rh1 a4 59. h5 gxh5 60. Rxh5 Kg7 0-1

[Event "6.Città di  Padova Open A"]
[Site "Padova Fornace Carotta"]
[Date "2003.12.15"]
[Round "3.12"]
[White "Cipolotti, Piersilvio"]
[Black "Canazza, Alessandro"]
[Result "0-1"]
[WhiteElo "1591"]
[BlackElo "1594"]
[Annotator "Gabriele Ballarin"]
[PlyCount "76"]
[EventDate "2003.12.13"]
[EventType "swiss"]
[EventRounds "9"]
[EventCountry "ITA"]

1. Nf3 c5 2. g3 Nc6 3. Bg2 g6 4. O-O Bg7 5. d3 Nf6 6. e4 O-O 7. c3 d6 8. h3 Rb8 9. Nh2 Bd7 10. f4 Qc8 11. g4 e6 12. h4 Ne8 13. h5 Nc7 14. g5 d5 15. e5 Re8 16. Ng4 d4 17. c4 a6 18. Nf6+ Bxf6 19. gxf6 Kh8 20. Kf2 b5 21. b3 bxc4 22. bxc4 Nb4 23. Rh1 Bc6 24. Bxc6 Nxc6 25. Qg4 Rg8 26. Qh4 g5 27. fxg5 Nxe5 28. g6 Nxd3+ 29. Ke2 Nxc1+ 30. Kd2 Qb7 31. g7+ Rxg7 32. fxg7+ Kg8 33. Na3 Qb4+ 34. Kxc1 Qb2+ 35. Kd1 Qxa1+ 36. Kd2 Qc3+ 37. Kd1 Qxa3 38. Qe4 Qxa2 0-1